Spoločná sieť bankomatov

Dohoda členských bánk Združenia pre bankové karty o vzájomnom sprístupnení a využívaní svojich peňažných automatov. On-line sieť prevádzkuje Autorizačné centrum Slovenska, a.s. Bratislava.

Na minha lista:
Detalhes bibliográficos
Autor principal: Polónyiová, Alica
Formato: Capítulo de Livro
Idioma:eslovaco
Assuntos:
Tags: Adicionar Tag
Sem tags, seja o primeiro a adicionar uma tag!

MARC

LEADER 00000naa a2200000 4500
001 r024982
005 20221205101348.2
041 0 |a slo 
044 |a SK 
245 1 0 |a Spoločná sieť bankomatov  |c Alica Polónyiová 
520 |a Dohoda členských bánk Združenia pre bankové karty o vzájomnom sprístupnení a využívaní svojich peňažných automatov. On-line sieť prevádzkuje Autorizačné centrum Slovenska, a.s. Bratislava. 
610 2 0 |a bankomaty 
610 2 0 |a styk platobný bezhotovostný 
610 2 0 |a karty platobné 
610 2 0 |a Autorizačné centrum Slovenska, a.s. Bratislava 
610 2 0 |a Slovensko 
610 2 0 |a Združenie pre bankové karty 
610 2 0 |a banky 
100 1 |a Polónyiová, Alica